000 00472nam a2200205Ia 4500
005 20250923145254.0
008 008 250917s9999 xx 000 0 eng d
037 _aTextual
040 _aDSWL
_beng
_cDSWL
041 _aeng
_2eng
084 _qDSWL
245 0 _aSocial Work in India
260 _aNew York
_bN.A.S.W.
_c1972
300 _a760p.
365 _aINR
_b9.75
490 _vVol.17
925 _g9.75
942 _cTEXL
999 _c1449282
_d1449282